000 00679cam a2200217 4500500
005 20260405003850.0
041 _afre
042 _adc
100 1 0 _aLegros, Martin
_eauthor
245 0 0 _aMarcel Gauchet-Cynthia Fleury : guérir la démocratie contre elle-même
260 _c2024.
500 _a65
690 _aCynthia Fleury
690 _aDémocratie
690 _aMarcel Gauchet
690 _aPeuple
690 _aPolitique
690 _aRassemblement national
786 0 _nPhilosophie magazine | 182 | 9 | 2024-09-01 | p. 33-34 | 1951-1787
856 4 1 _uhttps://shs.cairn.info/magazine-philosophie-magazine-2024-9-page-33?lang=fr&redirect-ssocas=7080
999 _c2071607
_d2071607